Won by one: (Record no. 13213)

000 -LEADER
fixed length control field 00610nam a2200193 a 4500
001 - CONTROL NUMBER
control field :::00011031$&:&@@
003 - CONTROL NUMBER IDENTIFIER
control field OkBaRHE
005 - DATE AND TIME OF LATEST TRANSACTION
control field 20000607103405.0
008 - FIXED-LENGTH DATA ELEMENTS--GENERAL INFORMATION
fixed length control field s1980 j 000 0 eng u
040 ## - CATALOGING SOURCE
Transcribing agency
100 1# - MAIN ENTRY--PERSONAL NAME
Personal name Sexton, Clarence.
245 10 - TITLE STATEMENT
Title Won by one:
Remainder of title a handbook on personal soulwinning.
260 ## - PUBLICATION, DISTRIBUTION, ETC. (IMPRINT)
Place of publication, distribution, etc Murfreesboro, TN., :
Name of publisher, distributor, etc Sword Of The Lord
Date of publication, distribution, etc c1980
300 ## - PHYSICAL DESCRIPTION
Extent 82 p. ;
Dimensions 18 cm.
650 ## - SUBJECT ADDED ENTRY--TOPICAL TERM
Topical term or geographic name as entry element Evangelistic Work
650 ## - SUBJECT ADDED ENTRY--TOPICAL TERM
Topical term or geographic name as entry element Witness Bearing (Christianity)
942 ## - ADDED ENTRY ELEMENTS (KOHA)
Source of classification or shelving scheme
Koha item type Books
Copies
Full call number Koha item type Source of classification or shelving scheme Damaged status Price effective from Date acquired Copy number Withdrawn status Barcode Permanent Location Shelving location Lost status Not for loan Date last seen
BV 4520 .S41Books  2010-04-142010-04-141 11031RHEMA Bible Training CollegeGeneral Stacks  2010-04-14